00457 2200193 4500001002100000005001500021008004100036020002200077035001900099041000600118082000800124090001400132100001900146245001100165260004000176300002400216500000600240650001700246INLIS00000000000297920241224112634241224||||||||| | ||| |||| ||  a978-602-9481-25-9 0010-1224002979 a00 a813 a813 NAD u0 aNadya Prayudhi00aU-Turn aJakartabPlotPoint Publishingc2013 avi, 240 hlm.; 19 cm a1 0aKesusastraan